01537 a2200301 45000010006000000050017000060080041000230030015000640400040000790800151001192450132002700200022004022640034004243000019004585050460004770410008009371000023009457000021009687000023009897000028010127000025010407000029010657000027010947000024011217000026011457000032011717000032012032532120260407155537.0260407a2013 arg spa dAR-UNSa-BCEJYS aAR-UNSa-BCEJYSbspacAR-UNSa-BCEJYS a001.8xMetodología. Estudio general del método. Procedimientos científicos y técnicos para el estudio, La investigación y la discusión10aElaboración de tesis, tesinas y trabajos finalespdiferentes modalidades, pautas metodológicas, indicadores de evaluación a978-987-538-360-9 1aBuenos Aires :bNoveducc2013 a205 p.c28 cm. a1. Sobre tesis, tesinas y trabajos finales - 2. La evaluación como práctica social institucionalizada - 3. Géneros discursivos - 4. La investigación científica - 5. La propuesta de intervención - 6. La auditoría de comunicación - 7. La comunicación publicitaria - 8. La investigación de mercados - 9. El plan de negocios - 10. Fundamentos e importancia de los mapas conceptuales para la representación y trasmisión del conocimiento aspa1 aIglesias, Gabriela1 aResala, Graciela1 aAdamovsky, Gustavo1 aAmado Suárez, Adriana1 aBernhardt, Florencia1 aBongiovanni, Maximiliano1 aEtkin, María Eugenia1 aGabrinetti, Mariana1 aPeña, Gonzalo Diego1 aRodríguez, Rubén José1 aVázquez, Norberto Osvaldo